| 000 | 00574nam a2200181 i 4500 | ||
|---|---|---|---|
| 001 | 90393 | ||
| 003 | ES-MaACL | ||
| 005 | 20251113144846.0 | ||
| 007 | t| | ||
| 008 | 050120s1961 sp ||||1| spa d | ||
| 100 | 1 |
_aLebret, Louis Joseph. _971033 |
|
| 245 | 1 | 0 |
_aDimensiones de la caridad / _cLouis-Joseph Lebret ; [versión española por Jesús Domínguez Bordona]. |
| 260 |
_aBarcelona : _bHerder, _c1961. |
||
| 300 |
_a199 p. ; _c18 cm. |
||
| 700 | 1 |
_aDomínguez Bordona, Jesús, _d1889-1963 _945195 |
|
| 852 |
_aES-MaACL _jG-13692 _bR.47383 |
||
| 999 |
_c90393 _d90393 |
||